[Event "AUT-chT2O 9798"]
[Site "Austria"]
[Date "1997.11.07"]
[Round "1"]
[White "Schwab, Rene"]
[Black "Hebesberger, Thomas"]
[Result "1-0"]
[WhiteElo "2265"]
[BlackElo "2165"]

1.e4 c5 2.Nf3 d6 3.Bb5+ Bd7 4.a4 g6 5.O-O Bg7 6.Re1 Nc6 7.c3 Ne5 8.Nxe5 dxe5
9.Qe2 e6 10.d3 Ne7 11.Be3 b6 12.Na3 O-O 13.a5 Bxb5 14.Nxb5 Qd7 15.Na3 Rfd8
16.Red1 Nc6 17.axb6 axb6 18.h4 Bf6 19.h5 Na5 20.g3 b5 21.Kg2 Qc6 22.Nc2 Nb3
23.Ra3 Rxa3 24.Nxa3 Be7 25.c4 b4 26.Nb5 Qa6 27.hxg6 hxg6 28.Rh1 Bf6 29.Rd1 Qa2
30.Qc2 Rd7 31.g4 Rd8 32.Rh1 Bg7 33.f3 Na1 34.Qe2 Nb3 35.Kg3 Kf8 36.Qh2 Ke7
37.Bg5+ f6 38.Qh7 Kf7 39.Bh6 Rg8 40.Nd6+  1-0

[Event "AUT-chT2O 9798"]
[Site "Austria"]
[Date "1997.11.08"]
[Round "2"]
[White "Rudolf, Herbert"]
[Black "Pfeiffer, Gregor"]
[Result "0-1"]
[WhiteElo "2190"]
[BlackElo "2135"]

1.e4 c5 2.Nf3 d6 3.Bb5+ Nd7 4.d4 cxd4 5.Qxd4 a6 6.Bxd7+ Bxd7 7.Nc3 e6 8.Bg5 Qc7
9.O-O Qc5 10.Qd2 Nf6 11.Rfd1 Bc6 12.Qe2 h6 13.Bxf6 gxf6 14.Nd5 Bb5 15.c4 Bxc4
16.Nxf6+ Ke7 17.Qd2 Kxf6 18.Rac1 Rc8 19.b3 b5 20.bxc4 bxc4 21.Qf4+ Kg7 22.e5 d5
23.Nd4 Qe7 24.Rc3 Rg8 25.Rb1 Kh8 26.h4 Bg7 27.Rf3 Rgf8 28.Qe3 Rb8 29.Re1 Rb2
30.Rf6 Kh7 31.Qf4 Bxf6 32.exf6 Qb4 33.Re3 Qd2 34.Nf5 exf5 35.Qxf5+ Kh8 36.Qf4 Kh7
37.Qf5+ Kh8 38.Qf4 Qd1+ 39.Kh2 Qh5 40.Re5 Qg6 41.h5 Qh7  0-1

[Event "RUS-Cup01 Chigorin mem"]
[Site "St Petersburg"]
[Date "1997.11.09"]
[Round "9"]
[White "Maximenko, Oksana"]
[Black "Belov, Vladimir"]
[Result "1/2-1/2"]
[WhiteElo "2150"]
[BlackElo "2260"]

1.e4 c5 2.Nf3 d6 3.Bb5+ Bd7 4.Bxd7+ Qxd7 5.O-O Nf6 6.Re1 Nc6 7.c3 g6 8.d4 cxd4
9.cxd4 d5 10.e5 Ne4 11.Ng5 Bg7 12.Nxf7 Kxf7 13.f3 Rhd8 14.fxe4 dxe4 15.Rxe4 Bxe5
16.Qf1+ Bf6 17.Be3 Kg7 18.Nc3 Nb4 19.Qe2 Qc6 20.Rc1 Nd5 21.Nxd5 Qxd5 22.b3 Rac8
23.Rd1 Rd7 24.Bf4 Rc3 25.Be5 Qc6 26.Bxf6+ Qxf6 27.Rf1 Qd6 28.Qf2 e5 29.Rxe5 Rcc7
30.Rd5 Qe7 31.Ra5 b6 32.Rg5 Rd8 33.Re5 Qd6 34.Re4 Re7 35.Rxe7+ Qxe7 36.h3 Qd6
37.Qf7+ Kh8 38.Rf4 Rd7 39.Qe8+ Kg7 40.Re4 Rc7 41.Qe5+ Qxe5 42.Rxe5 Rf7 43.g4 Kf8
44.Kg2 Rf6 45.Kg3 Kf7 46.a3 Rd6 47.d5 b5 48.b4 h6 49.h4 Kf6 50.Kf4 Kf7 51.g5 h5
52.Kf3 Kf8 53.Ke2 Kf7 54.Kd2 Ra6 55.Re3 Rd6 56.Rd3 Rd8 57.Ke3 Rc8 58.Ke4 Rc4+
59.Rd4 Rc3 60.d6 Ke8 61.Ke5 Rxa3 62.Kf6 Rc3 63.Kxg6 Rc4 64.Rxc4 bxc4 65.Kf5 c3
66.g6 c2 67.g7 Kf7 68.d7 c1=Q 69.g8=Q+ Kxg8 70.d8=Q+ Kf7 71.Qf6+ Ke8 72.Qg6+ Kd7
73.Qxh5 Qb1+ 74.Kf6 Qxb4 75.Qd5+ Kc7 76.h5 Qf4+ 77.Kg6 Qg4+ 78.Kh7 a5 79.Qxa5+ Kd6
80.Qd8+ Kc5 81.Qe7+ Kb5 82.h6 Ka4 83.Qe8+ Ka3 84.Qf8+ Ka4 85.Qe7 Qf5+ 86.Kg7 Qg4+
87.Kf6 Qh4+  1/2-1/2

[Event "RUS-Cup01 Chigorin mem"]
[Site "St Petersburg"]
[Date "1997.11.09"]
[Round "9"]
[White "Egin, Vladimir"]
[Black "Loginov, Valery A"]
[Result "1/2-1/2"]
[WhiteElo "2445"]
[BlackElo "2550"]

1.e4 c5 2.Nf3 d6 3.Bb5+ Bd7 4.Bxd7+ Qxd7 5.O-O e6 6.c3 Nf6 7.Qe2 Nc6 8.d4 cxd4
9.cxd4 d5 10.e5 Ne4 11.Be3 Be7 12.Ne1 f6 13.f3 Ng5 14.exf6 Bxf6 15.Nc3 O-O
16.Rd1 Rae8 17.Qc2 Nf7 18.f4 Nh6 19.Nf3 Qd8 20.Kh1 Rf7 21.Bg1 a6 22.Rfe1 Nf5
23.Bf2 g6 24.Re2 Qd6 25.Qd2 h5 26.Na4 Kh7 27.a3 a5 28.Rde1 Rfe7 29.g3 Kg8
30.Kg2 Qb8 31.Nc5 Qc8 32.Qd3 b6 33.Na4 Qb8 34.h3 Kf7 35.Nc3 Rg8 36.Qd2 b5
37.a4 bxa4 38.Nxa4 Qb4 39.Qxb4 Nxb4 40.Nc5 Rge8 41.g4 Nd6 42.Bh4 Bxh4 43.Nxh4 Nb7
44.Nf3 Nxc5 45.Ne5+ Kg7 46.dxc5 hxg4 47.hxg4 Rc8 48.Rc1 Nc6 49.Nxc6 Rxc6
50.Kf3 g5 51.Re5 gxf4 52.Kxf4 Rf7+ 53.Kg5 Rf6 54.Rce1 Rg6+ 55.Kh4 Rxc5 56.Rxe6 Rxe6
57.Rxe6  1/2-1/2

[Event "AUT-chT2S 9798"]
[Site "Austria"]
[Date "1997.11.16"]
[Round "4"]
[White "Riedner, Martin"]
[Black "Hummel, Markus"]
[Result "1-0"]
[WhiteElo "2200"]
[BlackElo "2165"]

1.e4 c5 2.Nf3 d6 3.Bb5+ Bd7 4.Bxd7+ Qxd7 5.O-O Nc6 6.c3 Nf6 7.d4 cxd4 8.cxd4 e6
9.d5 exd5 10.exd5 Nb4 11.Qe1+  1-0

[Event "Bayern-chI Bank Hofmann"]
[Site "Bad Wiessee"]
[Date "1997.11.17"]
[Round "3"]
[White "Kroencke, Manfred"]
[Black "Pelletier, Yannick"]
[Result "0-1"]
[WhiteElo "2185"]
[BlackElo "2465"]

1.e4 c5 2.Nf3 d6 3.Bb5+ Bd7 4.Bxd7+ Nxd7 5.O-O Ngf6 6.Re1 e6 7.c3 Be7 8.d4 O-O
9.Nbd2 cxd4 10.cxd4 Nb8 11.Nf1 d5 12.e5 Nfd7 13.Ng3 Nc6 14.a3 Qb6 15.Qd3 Qa6
16.Qb1 Rfc8 17.b4 Qb5 18.Bd2 Nb6 19.Nh5 Rc7 20.Rc1 Rac8 21.Nf4 Qa4 22.Qd3 a6
23.Nh5 Na7 24.Rxc7 Rxc7 25.Rc1 Rc4 26.h3 Nb5 27.Rxc4 Qd1+ 28.Kh2 Nxc4  0-1

[Event "Bayern-chI Bank Hofmann"]
[Site "Bad Wiessee"]
[Date "1997.11.17"]
[Round "3"]
[White "Ankerst, Milka"]
[Black "Enders, Peter"]
[Result "0-1"]
[WhiteElo "2170"]
[BlackElo "2535"]

1.e4 c5 2.Nf3 d6 3.Bb5+ Bd7 4.Bxd7+ Nxd7 5.d4 cxd4 6.Qxd4 Ngf6 7.O-O g6 8.Nc3 Bg7
9.Nd5 O-O 10.Nxf6+ Bxf6 11.Qb4 Qc7 12.Bg5 Bxg5 13.Nxg5 Rac8 14.Rac1 b5 15.Nf3 Qc4
16.Qxc4 bxc4 17.Rfe1 f6 18.Re3 Rc7 19.Kf1 Rb8 20.Rb1 Kf7 21.Rc3 Rb4 22.Nd2 Nb6
23.b3 a5 24.a3 Rb5 25.bxc4 Rxb1+ 26.Nxb1 Na4 27.Re3 Rxc4 28.c3 e5 29.Ke2 Ke6
30.Kd3 Rc7 31.Kc2 Rb7 32.Nd2 Rb2+ 33.Kc1 Ra2 34.c4 Nc5 35.f3 h5 36.g3 a4
37.h3 f5 38.h4 f4 39.gxf4 exf4 40.Re2 Rxa3 41.Rg2 Nd3+ 42.Kb1 Ne5 43.Rf2 Re3
44.Kb2 Kd7 45.Rg2 Kc6  0-1

[Event "Bayern-chI Bank Hofmann"]
[Site "Bad Wiessee"]
[Date "1997.11.18"]
[Round "4"]
[White "Dvorietzky, Mark I"]
[Black "Taeger, Winfried"]
[Result "1-0"]
[WhiteElo "2475"]
[BlackElo "2265"]

1.e4 c5 2.Nf3 d6 3.Bb5+ Nd7 4.d4 cxd4 5.Qxd4 e5 6.Qd3 h6 7.Nc3 Nf6 8.Be3 Be7
9.O-O a6 10.Bc4 Qc7 11.a4 Nc5 12.Bxc5 Qxc5 13.Nh4 Nh5 14.b4 Qxb4 15.Nd5 Qc5
16.Nf5 Bxf5 17.exf5 Nf6 18.Rab1 Nxd5 19.Qxd5 Qxd5 20.Bxd5 Rb8 21.Bxb7 O-O
22.c4 a5 23.Rb5 Bd8 24.Rd1 Bc7 25.f3 Rfd8 26.Kf2 Kf8 27.Ke3 Ke7 28.Ke4 Rd7
29.Rdb1 Rdd8 30.g4 g6 31.h4 Kf6 32.fxg6 fxg6 33.Kd5 Ke7 34.g5 Rf8 35.Kc6 Bd8
36.Rd5 Rf4 37.c5 dxc5 38.Rd7+ Kf8 39.Rbd1 Be7 40.h5 Rf5 41.hxg6 Rxg5 42.Kc7 Re8
43.Be4 h5 44.Kb6 Rg2 45.Kxa5 h4 46.R7d2 Rxd2 47.Rxd2 c4 48.Kb5 c3 49.Rg2 Kg7
50.Kc4 Rc8+ 51.Kb3 Bc5 52.Rh2 Bd4 53.Rxh4 c2 54.Rh7+ Kf6 55.Rf7+ Kg5 56.Bxc2 Rc3+
57.Kb4 Rxc2 58.g7 Rc8 59.Rf8 Bc5+ 60.Kb5 Rxf8 61.gxf8=Q Bxf8 62.a5 e4 63.fxe4 Bd6
64.a6 Bb8 65.Kb6 Bg3 66.Kc6 Bf2 67.e5 Kf5 68.Kd6  1-0

[Event "Bayern-chI Bank Hofmann"]
[Site "Bad Wiessee"]
[Date "1997.11.18"]
[Round "4"]
[White "Stoeber, Michael"]
[Black "Schlosser, Philipp"]
[Result "1/2-1/2"]
[WhiteElo "2290"]
[BlackElo "2550"]

1.e4 c5 2.Nf3 d6 3.Bb5+ Nc6 4.d4 cxd4 5.Qxd4 Qd7 6.Bxc6 bxc6 7.O-O e5 8.Qd3 Be7
9.Rd1 Nf6 10.c4 O-O 11.Nc3 Rd8 12.Bg5 Qe6 13.b4 Bb7 14.Bxf6 Bxf6 15.b5 Rac8
16.Rac1 Rd7 17.bxc6 Bxc6 18.Nd5 Be7 19.Rc3 Bf8 20.Ra3 Rb7 21.Rb1 Rcb8 22.Rxb7 Rxb7
23.h3 Qc8 24.Nd2 Bd7 25.Nf1 Be6 26.Nfe3 g6 27.Rb3 h5 28.Qb1 Rxb3 29.axb3 Qc5
30.b4 Qd4 31.Qd1 Qb2 32.b5 Kg7 33.Qf3 Bxd5 34.Nxd5 Qc1+ 35.Kh2 Qxc4 36.b6 axb6
37.Nxb6 Qe6 38.g4 hxg4 39.hxg4 Be7 40.Nd5 Bg5 41.Kg3 Qc8 42.Qc3 Qh8 43.Kg2 Qa8
44.Qf3 Qa4 45.Kg1 Qd4 46.Kg2 Qd2 47.Qc3 Qe2 48.Qf3 Qe1 49.Nc7 Kg8 50.Nd5 Kf8
51.Nc7 Kg8  1/2-1/2

[Event "Bayern-chI Bank Hofmann"]
[Site "Bad Wiessee"]
[Date "1997.11.19"]
[Round "5"]
[White "Taschner, Peter"]
[Black "Meyer, Hartmut"]
[Result "0-1"]
[WhiteElo "2005"]
[BlackElo "2160"]

1.e4 c5 2.Nf3 d6 3.Bb5+ Bd7 4.Qe2 Nc6 5.c3 a6 6.Ba4 e5 7.O-O Nf6 8.d3 Be7
9.Bg5 O-O 10.Bb3 b5 11.Nbd2 Qb6 12.Bxf6 Bxf6 13.h3 Ne7 14.Nh2 Ng6 15.Ng4 Be7
16.Rfd1 Kh8 17.Ne3 Nf4 18.Qf1 Be6 19.Nd5 Bxd5 20.exd5 f5 21.g3 Nh5 22.Kh2 Rf6
23.Qe2 Rh6 24.Nf1 Rf8 25.Ne3 Qb7 26.Rh1 Qd7 27.Kg1 Bg5 28.Qe1 Bxe3 29.fxe3 Nxg3
30.Rh2 f4 31.Qf2 Rxh3 32.Re1 Rf6 33.Qg2 Rxh2 34.Qxh2 Qg4 35.Bd1  0-1

[Event "BCF-chT 97/98 (4NCL)"]
[Site "GBR"]
[Date "1997.11.22"]
[Round "3"]
[White "Quillan, Gary"]
[Black "Bellin, Robert"]
[Result "0-1"]
[WhiteElo "2320"]
[BlackElo "2365"]

1.e4 c5 2.Nf3 d6 3.Bb5+ Bd7 4.Bxd7+ Nxd7 5.d4 cxd4 6.Qxd4 Ngf6 7.Nc3 g6 8.Bg5 Bg7
9.O-O-O O-O 10.Qd2 Qb6 11.Nd4 Rfc8 12.Rhe1 Ne5 13.Nd5 Nxd5 14.exd5 Rc5 15.f4 Rxd5
16.fxe5 dxe5 17.Qf2 exd4 18.Rxe7 Rf5 19.Qh4 Rxg5 20.Rde1 Bf6  0-1

[Event "BCF-chT 97/98 (4NCL)"]
[Site "GBR"]
[Date "1997.11.23"]
[Round "4"]
[White "Wall, Gavin"]
[Black "Summerscale, Aaron"]
[Result "0-1"]
[WhiteElo "2320"]
[BlackElo "2440"]

1.e4 c5 2.Nf3 d6 3.Bb5+ Bd7 4.a4 Nc6 5.d3 g6 6.O-O Bg7 7.Nbd2 e5 8.Nc4 Qc7
9.Ne1 Nge7 10.f4 O-O 11.fxe5 dxe5 12.Be3 Nd4 13.Bxd7 Qxd7 14.c3 Ne6 15.Nf3 Nc6
16.Ng5 Ncd8 17.Rf3 Nxg5 18.Bxg5 Ne6 19.Bh4 Rae8 20.Qb3 Nf4 21.Bg3 Kh8 22.Qb5 Qc7
23.Ne3 a6 24.Qb3 Nxd3 25.Nd5 Qc6 26.Qc4 Nf4 27.Bxf4 exf4 28.Rxf4 f5 29.exf5 Re5
30.f6 Bh6  0-1

[Event "BCF-chT 97/98 (4NCL)"]
[Site "GBR"]
[Date "1997.11.23"]
[Round "4"]
[White "Smith, Alan A"]
[Black "Moskovic, David M"]
[Result "1-0"]
[WhiteElo "2225"]
[BlackElo "2220"]

1.e4 c5 2.Nf3 d6 3.Bb5+ Nd7 4.d4 Nf6 5.O-O a6 6.Bxd7+ Nxd7 7.c4 g6 8.e5 cxd4
9.exd6 e5 10.Re1 Bxd6 11.Bh6 Qc7 12.Nxd4 f5 13.Nc3 Nb8 14.Nf3 Bd7 15.Bg5  1-0

[Event "Iona Tech Masters"]
[Site "Kilkenny"]
[Date "1997.11.28"]
[Round "1"]
[White "Keogh, Eamon"]
[Black "Gormally, Daniel"]
[Result "0-1"]
[WhiteElo "2170"]
[BlackElo "2425"]

1.e4 c5 2.Nf3 d6 3.Bb5+ Nd7 4.c4 Nf6 5.Nc3 g6 6.O-O Bg7 7.d4 cxd4 8.Nxd4 O-O
9.Bxd7 Bxd7 10.Re1 Qa5 11.Nf3 Qc7 12.Nd5 Nxd5 13.cxd5 a5 14.Nd4 Qb6 15.Be3 Qxb2
16.Rb1 Qxa2 17.Rxb7 Rfd8 18.Re2 Qc4 19.Rc2 Qa4 20.Qd2 Bf6 21.Ra2 Qc4 22.Rxa5 Rxa5
23.Qxa5 Rc8 24.Nf3 Be8 25.Qb4 Qd3 26.h3 Bc3 27.Qb1 Qxb1+ 28.Rxb1 Bf6 29.Rb7 Kg7
30.Kf1 Ba4 31.Ke2 Rc2+ 32.Kd3 Rc3+ 33.Kd2 Ra3 34.Bd4 Ra2+ 35.Ke3 Ra3+ 36.Kd2 Ra2+
37.Ke3 Ra3+ 38.Kd2 Rb3 39.Rxb3 Bxb3 40.Kc3 Ba4 41.g4 h6 42.e5 dxe5 43.Nxe5 Bb5
44.Nc6 Bxd4+ 45.Kxd4 Kf6 46.h4 g5 47.hxg5+ hxg5 48.Ke4 Bxc6 49.dxc6 Ke6 50.c7 Kd7
51.f4 gxf4 52.Kxf4 Kxc7  0-1

[Event "AUT-chT2O 9798"]
[Site "Austria"]
[Date "1997.12.08"]
[Round "6"]
[White "Rudolf, Herbert"]
[Black "Hebesberger, Thomas"]
[Result "1/2-1/2"]
[WhiteElo "2190"]
[BlackElo "2165"]

1.e4 c5 2.Nf3 d6 3.Bb5+ Bd7 4.Bxd7+ Qxd7 5.O-O Nc6 6.c4 e5 7.Nc3 g6 8.d3 Bg7
9.Nd5 Nge7 10.Bg5 Nxd5 11.cxd5 Nd4 12.Nxd4 exd4 13.Rb1 O-O 14.b4 Rfc8 15.Bd2 c4
16.dxc4 Rxc4 17.b5 Rac8 18.a4 Qc7 19.h3 Rc2 20.Bf4 Be5 21.Bxe5 dxe5 22.f4 Qe7
23.fxe5 Qxe5 24.Qf3 R8c7 25.a5 d3 26.b6 axb6 27.axb6 Qd4+ 28.Kh2 Re7 29.Rbd1 d2
30.Qf2 Qe5+ 31.Qf4 Rb2 32.d6 Qxf4+ 33.Rxf4 Rd7 34.e5 Rxb6 35.Rxd2 Rb5 36.Rc4 Rxe5
37.Rc7 Rd8 38.Rxb7 Re6 39.Rf2 f6 40.Rc2 Rexd6  1/2-1/2

[Event "FIDE-Wch k.o."]
[Site "Groningen"]
[Date "1997.12.12"]
[Round "2.2"]
[White "Sokolov, Andrei"]
[Black "Istratescu, Andrei"]
[Result "1-0"]
[WhiteElo "2585"]
[BlackElo "2550"]

1.e4 c5 2.Nf3 d6 3.Bb5+ Nd7 4.c3 Nf6 5.d3 g6 6.O-O Bg7 7.Re1 a6 8.Ba4 b5
9.Bc2 O-O 10.a4 Bb7 11.Na3 b4 12.Nb1 e5 13.a5 d5 14.Bg5 h6 15.Bh4 bxc3 16.Nxc3 g5
17.Bg3 d4 18.Nb1 Ne8 19.Ba4 Qxa5 20.Bxd7 Qxa1 21.Qb3 Qa5 22.Qxb7 Nf6 23.Nbd2 Rab8
24.Qc6 g4 25.Nc4 Qb4 26.Nfd2 Qb5 27.Qxb5 axb5 28.Nxe5 Rb6 29.Bf5 Ra8 30.Nb3 Bf8
31.Nxg4 Nxg4 32.Bxg4 Ra4 33.Rc1 Rb4 34.Bd1 c4 35.dxc4 bxc4 36.Nxd4 Rxb2 37.Kf1 Rd2
38.Nf3 Ra2 39.Be5  1-0

[Event "CZE-chT 9798"]
[Site "CZE"]
[Date "1997.12.14"]
[Round "4"]
[White "Oral, Tomas"]
[Black "Veselovsky, Sergey"]
[Result "0-1"]
[WhiteElo "2455"]
[BlackElo "2435"]

1.e4 c5 2.Nf3 d6 3.Bb5+ Bd7 4.Bxd7+ Qxd7 5.c4 Nf6 6.Nc3 Nc6 7.O-O g6 8.d4 cxd4
9.Nxd4 Bg7 10.Nde2 O-O 11.f3 a6 12.a4 Qc7 13.Be3 e6 14.Rc1 Rfe8 15.b3 Rad8
16.Nd5 exd5 17.cxd5 Nxd5 18.Qxd5 Re5 19.Qd2 d5 20.Rfd1 Bf6 21.exd5 Rexd5
22.Qxd5 Rxd5 23.Rxd5 Qe7 24.Kf2 Qb4 25.Rb1 Kg7 26.Bc5 Qh4+ 27.Ng3 Bd4+ 28.Bxd4+ Nxd4
29.Rd7 Nxf3 30.gxf3 Qxh2+ 31.Ke3 Qxg3 32.Rxb7 g5 33.Rb4 Qe5+ 34.Kd2 Qd6+
35.Kc3 Qf6+ 36.Kc2 Qxf3 37.Rd4 h5  0-1

[Event "CZE-chT 9798"]
[Site "CZE"]
[Date "1997.12.14"]
[Round "4"]
[White "Vokac, Marek"]
[Black "Plachetka, Jan"]
[Result "1/2-1/2"]
[WhiteElo "2510"]
[BlackElo "2425"]

1.e4 c5 2.Nf3 d6 3.Bb5+ Bd7 4.Bxd7+ Nxd7 5.O-O Ngf6 6.Re1 e6 7.d4 cxd4 8.Qxd4 Be7
9.Nc3 a6 10.Qd3 O-O 11.Bf4 Nc5 12.Qe2 b5 13.e5 dxe5 14.Nxe5 Qb6 15.a3 Qb7  1/2-1/2

[Event "FIDE-Wch k.o."]
[Site "Groningen"]
[Date "1997.12.15"]
[Round "3.2"]
[White "Tkachiev, Vladislav"]
[Black "Oll, Lembit"]
[Result "1/2-1/2"]
[WhiteElo "2615"]
[BlackElo "2645"]

1.e4 c5 2.Nf3 d6 3.Bb5+ Nd7 4.d4 Nf6 5.Nc3 a6 6.Bxd7+ Nxd7 7.O-O e6 8.dxc5 Nxc5
9.Bg5 Qb6 10.Rb1 h6 11.Bf4 Bd7 12.Re1 g5 13.Bg3 Na4 14.Nxa4 Bxa4 15.b3 Bd7
16.Nd2 e5 17.Nc4 Qc6 18.f3 Be6 19.Ne3 Be7 20.c4 Bd8 21.Qd2 Bb6  1/2-1/2

[Event "Rishon Le Ziyyon 9798"]
[Site "Rishon Le Ziyyon"]
[Date "1997.12.29"]
[Round "5"]
[White "Oratovsky, Michael"]
[Black "Brodsky, Michail"]
[Result "1/2-1/2"]
[WhiteElo "2465"]
[BlackElo "2545"]

1.e4 c5 2.Nf3 d6 3.Bb5+ Bd7 4.Bxd7+ Qxd7 5.c4 Nc6 6.Nc3 Nf6 7.O-O e6 8.d4 cxd4
9.Nxd4 Be7 10.b3 O-O 11.Bb2 b6 12.Re1 Rfd8 13.Nxc6 Qxc6 14.Re3 a6 15.Qe2 Qb7
16.Rg3 Rab8 17.a4 Rbc8 18.Re1 Ne8 19.Rd1 Bf6 20.Rgd3 Be5 21.f3 Qc7 22.g3 Qc5+
23.Kg2 Bf6  1/2-1/2

[Event "EUCup final"]
[Site "Kazan"]
[Date "1997.12.30"]
[Round "3"]
[White "Rublevsky, Sergei"]
[Black "Akhmadeev, Vadim"]
[Result "1-0"]
[WhiteElo "2650"]
[BlackElo "2440"]

1.e4 c5 2.Nf3 d6 3.Bb5+ Nd7 4.d4 cxd4 5.Qxd4 Nf6 6.Bg5 a6 7.Bxd7+ Bxd7 8.O-O h6
9.Bxf6 gxf6 10.Nc3 e6 11.Rad1 Be7 12.Qd3 Rc8 13.Nd4 Rc5 14.Kh1 Rg5 15.f4 Rg7
16.f5 Rhg8 17.Rd2 Qc8 18.Qh3 Rh7 19.Nce2 e5 20.Nb3 h5 21.Nc3 Bc6 22.Qf3 Rg4
23.Rfd1 b6 24.Qe3 Qb7 25.Nd5 Bxd5 26.Rxd5 Rhg7 27.R1d2 Qc6 28.Qd3 R7g5 29.h3 Rg3
30.Qxa6 Re3 31.Na5 Qc7 32.Qa8+ Kd7 33.Nb7 Rxe4 34.Nxd6 Re1+ 35.Kh2 Bxd6 36.Rxd6+ Ke7  1-0

[Event "Rishon Le Ziyyon 9798"]
[Site "Rishon Le Ziyyon"]
[Date "1997.12.30"]
[Round "6"]
[White "Soffer, Ram"]
[Black "Novikov, Igor A"]
[Result "1/2-1/2"]
[WhiteElo "2520"]
[BlackElo "2590"]

1.e4 c5 2.Nf3 d6 3.Bb5+ Bd7 4.Bxd7+ Nxd7 5.O-O Ngf6 6.Nc3 e6 7.d3 Be7 8.Ng5 h6
9.Nh3 d5 10.exd5 Nxd5 11.Nxd5 exd5 12.Qg4 g6 13.Re1 Nf6 14.Qh4 Nh5 15.g4 Ng7
16.Qf6 Kf8 17.Qf3 Ne8 18.Bf4 Bf6 19.Be5 g5 20.c4 Kg7 21.cxd5 Qd7 22.d4 Rd8
23.dxc5 Qxd5 24.Qf5 Qd3 25.Rac1 Qxf5 26.gxf5 Rd5 27.Bxf6+ Nxf6 28.Re7 Rb8
29.f4 Rxf5 30.fxg5 hxg5 31.Nf2 Nd5 32.Re4 Nf4 33.b4 Rd8 34.Rc2 Ne6 35.Kg2 a5
36.a3 axb4 37.axb4 Ra8 38.h4 Ra3 39.hxg5 Nf4+ 40.Kf1 Nd3 41.Rd2 Rb3 42.Rg4 Rb1+
43.Kg2 Ne1+ 44.Kh3 Rb3+ 45.Rg3 Rxb4 46.Nd3 Nxd3 47.Rdxd3 Rxc5 48.Rd7 Rb6
49.g6 Rxg6 50.Rxb7 Rcg5 51.Rxg5 Rxg5 52.Ra7 Kg6 53.Ra6+ f6 54.Ra4 Rb5 55.Kg2 Rb3
56.Kf2 Kg5 57.Rc4 Ra3 58.Rb4 f5 59.Rc4 Kf6 60.Rb4 Ke5 61.Rb5+ Kf4 62.Rb4+ Kg5
63.Rc4 Rd3 64.Ra4 Kf6 65.Rb4 Ke5 66.Ra4 Rd4 67.Rxd4 Kxd4 68.Kf3 Ke5 69.Ke3 f4+
70.Kf3 Kf5 71.Kf2 Kg4 72.Kg2 f3+ 73.Kf2 Kf4 74.Kf1 Kf5 75.Kf2 Ke4 76.Kf1 Ke3
77.Ke1 f2+ 78.Kf1 Kf3  1/2-1/2

[Event "Skolernes Skakklub op"]
[Site "Aarhus"]
[Date "1997.??.??"]
[Round "3"]
[White "Ochsner, Thomas"]
[Black "Kveinys, Aloyzas"]
[Result "1-0"]
[WhiteElo "2300"]
[BlackElo "2545"]

1.e4 c5 2.Nf3 d6 3.Bb5+ Nd7 4.Nc3 a6 5.Bxd7+ Bxd7 6.d4 cxd4 7.Qxd4 Bc6 8.Bg5 h6
9.Bh4 e5 10.Qd3 f6 11.O-O-O Qa5 12.Nd2 Rd8 13.f4 Be7 14.Bf2 b5 15.Kb1 Qc7
16.Nd5 Qb7 17.Nb3 Qd7 18.c4 Bxd5 19.cxd5 Rc8 20.Rc1 Rd8 21.Qg3 g5 22.fxe5 fxe5
23.h4 Nf6 24.Nc5 dxc5 25.hxg5 Ng4 26.gxh6 c4 27.Rh5 Bf6 28.Bc5 Rc8 29.Rf5 Rg8
30.Rxf6 Nxf6 31.Qxe5+ Kf7 32.Rf1 Rg6 33.Bd4 Qe7 34.Qf5 Rxh6 35.e5 Rd8 36.Qg5 Rg6
37.Qh5 Rxd5 38.Qh7+ Rg7 39.Qxg7+ Ke8 40.Qxe7+ Kxe7 41.exf6+  1-0

[Event "Adelquis Remon"]
[Site "Adelquis Remon"]
[Date "1997.??.??"]
[Round "?"]
[White "Camacho, Roberto"]
[Black "Bruzon, Lazaro"]
[Result "1/2-1/2"]
[WhiteElo "2345"]
[BlackElo "2345"]

1.e4 c5 2.Nf3 d6 3.Bb5+ Bd7 4.Bxd7+ Qxd7 5.O-O Nc6 6.c3 Nf6 7.Re1 e6 8.d3 Be7
9.Bg5 h6 10.Bxf6 Bxf6 11.Nbd2 O-O 12.Nf1 Rfc8 13.Ne3 g6 14.Qd2 Bg7 15.Nc2 Ne7
16.d4 cxd4 17.Ncxd4 d5 18.e5 Rc4 19.Qe3 Nc8 20.Nd2 Rc7 21.f4 b5 22.Qd3 Rb8
23.a3 a6 24.Re2 Nb6 25.g4 Na4 26.N2b3  1/2-1/2

[Event "Adelquis Remon"]
[Site "Adelquis Remon"]
[Date "1997.??.??"]
[Round "?"]
[White "Vazquez, Renier"]
[Black "Pupo, Emilio"]
[Result "1/2-1/2"]
[WhiteElo "2360"]
[BlackElo "2400"]

1.e4 c5 2.Nf3 d6 3.Bb5+ Bd7 4.Bxd7+ Qxd7 5.c4 Nc6 6.O-O g6 7.d4 cxd4 8.Nxd4 Bg7
9.Ne2 Nf6 10.Nbc3 O-O 11.f3 a6 12.a4 b6 13.Be3 Rfb8 14.b3 Qd8 15.Qd2 Nd7
16.Rab1 Rc8 17.Rfd1 Rab8  1/2-1/2

[Event "Alushta-B"]
[Site "Alushta"]
[Date "1997.??.??"]
[Round "6"]
[White "Kochetkov, German"]
[Black "Arakelian, Eduard"]
[Result "0-1"]
[WhiteElo "2350"]
[BlackElo "2415"]

1.e4 c5 2.Nf3 d6 3.Bb5+ Bd7 4.a4 Nf6 5.Nc3 g6 6.O-O Bg7 7.e5 dxe5 8.Nxe5 O-O
9.Re1 a6 10.Nxd7 Nfxd7 11.Bf1 Nc6 12.d3 Qc7 13.Bg5 e6 14.Qd2 Nd4 15.Rac1 Rfe8
16.Kh1 b5 17.b3 Qa5 18.Ne4 Qxd2 19.Bxd2 bxa4 20.bxa4 Reb8 21.Bf4 Rb6 22.c3 Nb3
23.Rb1 e5 24.Be3 Rab8 25.g4 f5 26.gxf5 gxf5 27.a5 Rc6 28.Bh3 Nxa5 29.Bxf5 Rd8
30.c4 Nf8 31.Rb2 Rxd3 32.Nf6+ Bxf6 33.Bxd3 e4 34.Ra2 exd3 35.Rxa5 Ng6 36.Rxc5 Rxc5
37.Bxc5 Ne5 38.Rc1 d2 39.Rd1 Nxc4  0-1

[Event "Ano Liosia op"]
[Site "Ano Liosia"]
[Date "1997.??.??"]
[Round "2"]
[White "Ignatiadis, Konstantinos"]
[Black "Agnos, Demetrios"]
[Result "0-1"]
[WhiteElo "2175"]
[BlackElo "2495"]

1.e4 c5 2.Nf3 d6 3.Bb5+ Bd7 4.Bxd7+ Qxd7 5.O-O Nc6 6.c4 g6 7.Nc3 Bg7 8.d3 Nf6
9.h3 O-O 10.Be3 Rac8 11.Qd2 Rfd8 12.Bh6 Bh8 13.Rae1 a6 14.Nd5 Rb8 15.Nb6 Qe8
16.Nh4 e6 17.f4 Qe7 18.f5 Nh5 19.Nf3 Qc7 20.fxe6 Qxb6 21.exf7+ Kxf7 22.e5 Kg8
23.Qg5 Nxe5 24.Nh4 Rd7 25.Nxg6 hxg6  0-1

[Event "Ano Liosia op"]
[Site "Ano Liosia"]
[Date "1997.??.??"]
[Round "4"]
[White "Kalesis, Nikolaos"]
[Black "Vouldis, Angelos"]
[Result "1/2-1/2"]
[WhiteElo "2395"]
[BlackElo "2410"]

1.e4 c5 2.Nf3 d6 3.Bb5+ Bd7 4.Bxd7+ Qxd7 5.O-O Nc6 6.c4 g6 7.d4 cxd4 8.Nxd4 Bg7
9.Be3 Nf6 10.f3 O-O 11.Nc3 Rac8 12.b3 Rfd8 13.Rc1 e6 14.Qd2 a6 15.Rfd1 Qe7
16.Qf2 Nd7 17.Nde2  1/2-1/2

[Event "Arco di Trento op1"]
[Site "Arco di Trento"]
[Date "1997.??.??"]
[Round "8"]
[White "Grosar, Aljosa"]
[Black "Bevilacqua, Maurizio"]
[Result "1-0"]
[WhiteElo "2495"]
[BlackElo "2155"]

1.e4 c5 2.Nf3 d6 3.Bb5+ Bd7 4.Bxd7+ Qxd7 5.O-O Nf6 6.e5 dxe5 7.Nxe5 Qc8 8.Qf3 e6
9.d3 Be7 10.Nc3 O-O 11.Bf4 Nfd7 12.Qg3 Nxe5 13.Bxe5 f6 14.Bxb8 Rxb8 15.Rae1 Re8
16.Re2 Qc6 17.Rfe1 Bd6 18.Qg4 Be5 19.Rxe5 fxe5 20.Rxe5 Qd6 21.Qg3 b6 22.Ne4 Qf8
23.Ng5 Rb7 24.f4 Rbe7 25.Qe3 Qf6 26.g3 h6 27.Nf3 Rd8 28.c3 Rd5 29.Re4 Qf8  1-0

[Event "EU-ch Rapid (Women)"]
[Site "Athens"]
[Date "1997.??.??"]
[Round "2"]
[White "Micic, Snezana"]
[Black "Jiretorn, Eva"]
[Result "1-0"]
[WhiteElo "2210"]
[BlackElo "2080"]

1.e4 c5 2.Nf3 d6 3.Bb5+ Bd7 4.Bxd7+ Qxd7 5.O-O Nc6 6.c3 e6 7.d4 cxd4 8.cxd4 d5
9.exd5 exd5 10.Nc3 Nf6 11.Ne5 Qd8 12.Qa4 Qb6 13.Nxc6 bxc6 14.Re1+ Be7 15.Bg5 Rd8
16.Re5 Kf8 17.Rae1 Bd6 18.Rf5 Be7 19.Rfe5 Bd6 20.Bxf6 gxf6 21.Rf5 Kg7 22.Qd1 h5
23.Na4 Qb4 24.a3 Qa5 25.b4 Qb5 26.Re3 Rh6 27.Rh3 Rdh8 28.Nc3 Qc4 29.Ne2 Qa2
30.Rc3 Rc8 31.Rff3 a5 32.Rc2 Qxc2 33.Qxc2 axb4  1-0

[Event "EU-ch Rapid (Women)"]
[Site "Athens"]
[Date "1997.??.??"]
[Round "6"]
[White "Berend, Elvira S"]
[Black "Jap Tjoen San, Linda"]
[Result "1-0"]
[WhiteElo "2355"]
[BlackElo "2175"]

1.e4 c5 2.Nf3 d6 3.Bb5+ Bd7 4.Bxd7+ Qxd7 5.O-O Nc6 6.c3 Nf6 7.Re1 e6 8.d4 d5
9.e5 Ne4 10.Nbd2 Nxd2 11.Bxd2 cxd4 12.cxd4 Be7 13.h3 O-O 14.Bc3 Rac8 15.Nh2 b5
16.Re3 Rfe8 17.Rg3 f5 18.exf6 Bxf6 19.Ng4 Qe7 20.Rf3 Rf8 21.b3 Bg5 22.Rxf8+ Rxf8
23.Qd3 b4 24.Bd2 Bxd2 25.Qxd2 h5 26.Nh2 e5 27.dxe5 Qxe5 28.Re1 Qf5 29.Nf3 a5
30.Rc1 Ne7 31.Rc7 Ng6 32.Qg5 Qf4 33.Qxd5+ Kh8 34.Qxh5+ Kg8 35.Qd5+ Kh8 36.Rc4 Qh6
37.Qd6 Re8 38.Rg4 Ne5 39.Nxe5 Qxd6 40.Nf7+ Kh7 41.Nxd6 Re2 42.Nc4  1-0

[Event "EU-ch Rapid (Women)"]
[Site "Athens"]
[Date "1997.??.??"]
[Round "7"]
[White "Micic, Snezana"]
[Black "Paasikangas, Johanna"]
[Result "1-0"]
[WhiteElo "2210"]
[BlackElo "2325"]

1.e4 c5 2.Nf3 d6 3.Bb5+ Nd7 4.O-O a6 5.Be2 g6 6.a4 b6 7.d4 Bg7 8.c3 Bb7 9.Nbd2 Qc7
10.Re1 Ngf6 11.Bf1 e6 12.dxc5 Nxc5 13.e5 dxe5 14.Nxe5 O-O 15.f3 Rad8 16.Qc2 Nh5
17.Nd3 Rd7 18.Kh1 Nxd3 19.Bxd3 Rfd8 20.Be4 Ng3+ 21.hxg3 Qxg3 22.Rf1 Be5 23.f4 Bxf4
24.Rxf4 Qxf4 25.Bxb7 Qh4+ 26.Kg1 Qe1+ 27.Kh2 Qe5+ 28.Kh1 Rxb7 29.Nf3 Qg3
30.Be3 b5 31.axb5 axb5 32.Bd4 Qg4 33.Qe2 Qh5+ 34.Kg1 b4 35.Qe4 Qd5 36.Qh4 f5
37.Qf6  1-0

[Event "EU-ch Rapid (Women)"]
[Site "Athens"]
[Date "1997.??.??"]
[Round "13"]
[White "Micic, Snezana"]
[Black "Jap Tjoen San, Linda"]
[Result "1/2-1/2"]
[WhiteElo "2210"]
[BlackElo "2175"]

1.e4 c5 2.Nf3 d6 3.Bb5+ Bd7 4.Bxd7+ Nxd7 5.c4 Ngf6 6.Nc3 g6 7.b3 Bg7 8.Qc2 O-O
9.Bb2 a6 10.O-O Rb8 11.a4 Rc8 12.Nd5 e6 13.Nxf6+ Bxf6 14.d4 cxd4 15.Bxd4 Bxd4
16.Nxd4 d5 17.exd5 exd5 18.Rfd1 dxc4 19.bxc4 Qc7 20.Rac1 Nc5 21.Qa2 Rfd8
22.Nb3 Nd3 23.Rc3 Qe5 24.Qa1 Nf4 25.Re3 Qxa1 26.Rxa1 Rxc4 27.Re7 Rxa4 28.Rc1 Rc4
29.Rce1 b5 30.g3 Ne6 31.Ra7 Rc3 32.Nc1 Rd6 33.Ne2 Rcd3 34.Kg2 Rc6 35.Ng1  1/2-1/2